000 01451nam0a2200337 4500
001 RU\NLR\bibl\198607
005 20250619092304.0
010 _a5-7629-0104-1
_9300
035 _a(NLR Aleph) 000195020
090 _a1128870
_c1128870
100 _a20011031d1996 |||y0rusy50 ca
101 0 _arus
102 _aRU
105 _aa |||||||||
200 1 _aМатематические модели в естествознании
_e(Дифференц. уравнения и их прил.)
_eУчеб. пособие
_fН.А. Бодунов, С.Ю. Пилюгин
_gГос. ком. РФ по высш. образованию, С.-Петерб. гос. электротехн. ун-т
210 _aСПб.
_cГЭТУ
_d1996
215 _a63,[1] c.
_cил.
_d20
320 _aБиблиогр.: с.63 (4 назв.)
606 0 _aМатематические модели
_jУчебные издания для высшей школы
_xПрименение в естествознании
_92307793
_3RU\NLR\AUTH\6601607276
686 _aБ.в641.0
700 1 _aБодунов
_bН. А.
_gНиколай Александрович
_4070
701 1 _aПилюгин
_bС. Ю.
_gСергей Юрьевич
_4070
801 0 _aRU
_bNLR
_c20011031
_gPSBO
801 1 _aRU
_bNLR
_c20011031
852 _aNLR
_j2000-4/8921
942 _cBOOK
980 _aNB